000
00286nam a22001337a 4500
008
180302b xxu||||| |||| 00| 0 eng d
020
_a
9781564969088
041
_a
eng
080
_a
7
100
_a
44
101
_a
ART
245
_a
Redesigning identity
_c
Fishel,C
942
_2
udc
_c
BK
999
_c
44086
_d
44086